00389nam a22001337a 450000500170000000800410001704100180005808200110007610000130008724500590010026000420015930000290020165000250023020240830093116.0240830b |||||||| |||| 00| 0 eng d a9780409019834 a340.03 lEnglish  aDictionary of Legal Words and Phrases / cR.C Claassen aDurban: bLexisNexis (Pty) Ltd,c1997 bxi, 179 pages; c25 cm.  aLegal practice bLaw